| 000 | 01738nas a2200277Ia 4500 | ||
|---|---|---|---|
| 001 | R050-R9747 | ||
| 003 | IT-CnALBA | ||
| 008 | 170116c99999999xx |||||||||||| ||und|| | ||
| 040 |
_aIT-CnALBA _cIT-CnALBA |
||
| 041 | _aPOLIGLOTTA | ||
| 100 | _aPIOLANTI ANTONIO, MONSIGNORE | ||
| 210 | _aDIVUS THOMAS | ||
| 222 | _aDIVUS THOMAS | ||
| 245 | 0 | _aDIVUS THOMAS. COMMENTARIUM DE PHILOSOPHIA ET THEOLOGIA. GENNAIO DICEMBRE 1951. | |
| 250 | _a1a ed. | ||
| 260 |
_a PIACENZA _bCOLLEGIO ALBERONI _c1951 [1° Ed.:1951 - Ed.Ling.Originale: 1951] |
||
| 300 | _a439 p. | ||
| 310 | _aQUADRIMESTRALE | ||
| 362 | _aFascicolo: 1-3 / Anno: 54 (1951) | ||
| 500 | _aCOMMENTI DI FILOSOFIA E TEOLOGIA. CICCONE L. VIGANO'' M. LANDUCCI P. C. VERARDO R. M. BETTA L. SACRIFICIO ALLA MENSA ED ESSENZA. GLI ARGOMENTI DEL MONOLOGIUM E LA QUARTA VIA DI S. TOMMASO. IL CASO NESTORIA VISTO DA ROMA. FINITEZZA DELL'UNIVERSO. DISTINZIONE REALE META FISICA, NON OGGETTIVA TRA ESSERE ED ESSENZA È SECONDO IL PENSIERO DI S. TOMMASO. L'EGITTO DI FRONTE AL DOGMA DELL'ASSUNZIONE. GIUDIZIO DELLE OPERE. DOCUMENTI VARI. | ||
| 501 | _aSocietà San Paolo EM - Piazza San Paolo, 14 - 12051 ALBA (CN) (non commercial uses only) ® Copyright 2017 | ||
| 520 | _aCOMMENTI DI FILOSOFIA E TEOLOGIA. CICCONE L. VIGANO'' M. LANDUCCI P. C. VERARDO R. M. BETTA L. SACRIFICIO ALLA MENSA ED ESSENZA. GLI ARGOMENTI DEL MONOLOGIUM E LA QUARTA VIA DI S. TOMMASO. IL CASO NESTORIA VISTO DA ROMA. FINITEZZA DELL'UNIVERSO. DISTINZIONE REALE META FISICA, NON OGGETTIVA TRA ESSERE ED ESSENZA È SECONDO IL PENSIERO DI S. TOMMASO. L'EGITTO DI FRONTE AL DOGMA DELL'ASSUNZIONE. GIUDIZIO DELLE OPERE. DOCUMENTI VARI. | ||
| 650 | _aTEOLOGIA - FILOSOFIA | ||
| 942 | _cCR | ||
| 957 | _71 | ||
| 999 |
_a61314 _bNO _g1 _c328340 _d328340 |
||